| 000 | 00333nam a22001337a 4500 | ||
|---|---|---|---|
| 999 |
_c528127 _d528127 |
||
| 003 | NUST | ||
| 038 | _aM.Ramzan | ||
| 082 |
_a363.0684 _bTWB |
||
| 100 |
_aThe World Bank _919583 |
||
| 245 |
_aTool Kit :A guide for horing and ../ _cThe world Bank |
||
| 260 |
_aUSA _bThe World Bank _c2001 |
||
| 300 |
_a136 p, : _c25cm |
||
| 942 |
_2ddc _cBK |
||